CRISTIANOS EN UNA SOCIEDAD VIOLENTA: ANALISIS Y VIAS DE ACCION/
Salvato in:
| Natura: | Libro |
|---|---|
| Serie: | PUNTO LIMITE 12
|
| Tags: |
Nessun Tag, puoi essere il primo ad aggiungerne!!
|
MARC
| LEADER | 00000nam^a2200000^a^4500 | ||
|---|---|---|---|
| 001 | 000204984 | ||
| 005 | 20250521000000.0 | ||
| 009 | 20260310103102.215 | ||
| 020 | |a 84-293-0581-5 | ||
| 035 | |a 008746 | ||
| 037 | |a Acervo Xavier Clavigero | ||
| 082 | |a 252. 5 |b CRI | ||
| 245 | 1 | 0 | |a CRISTIANOS EN UNA SOCIEDAD VIOLENTA: |b ANALISIS Y VIAS DE ACCION/ |c JOSE IGNACIO GONZALEZ FAUS ...[ET. AL.] |
| 264 | |a SANTANDER : |b SAL TERRAE, |c 1984 | ||
| 300 | |a 300p. | ||
| 336 | |a texto |b txt |2 rdacontenido | ||
| 337 | |a sin mediación |b n |2 rdamedio | ||
| 338 | |a volumen |b nc |2 rdasoporte | ||
| 440 | |a PUNTO LIMITE 12 | ||
| 649 | |a XX | ||
| 910 | |a Fondo General | ||
| 920 | |a Impresos - Libros | ||
| 930 | |a Colección General | ||
| 905 | |a 101 | ||
| 901 | |a 008746 |b IT1 |c ACC |i 008746 |u 20250521 | ||
| 901 | |a 018509 |b IT1 |c ACC |i 018509 |u 20250521 | ||
| 902 | |a https://opac.biblio.iteso.mx/vufind/Record/000204984 | ||